000 00644nam a2200217Ia 4500
003 OSt
005 20220928133222.0
006 a|||||r|||| 00| 0
007 ta
008 220927b |||||||| |||| 00| 0 eng d
024 _a43629
037 _cTextual
040 _aSDCL
_cSDCL
_beng
041 _2eng
_aeng
082 _aV237:72'I, P0.1-.2
100 _aShrimali Govind Lal Ed.
_9484802
245 0 _arajasthan ke abhilekh
_b Marwad ke sanderbh mein
260 _aJodhpur
_bMaharaja ManSingh Pustak Prakash
_c2000
942 _hV237:72'I, P0.1-.2
_cTEXL
_2CC
999 _c798351
_d798351